Report of the Dearness Allowance Commission on the Question of Adequacy of the Dearness Allowance Admissible to the Central Government Employees as from Ist December, 1965 (Record no. 489631)

000 -LEADER
fixed length control field 00804cam a22001457a 4500
008 - FIXED-LENGTH DATA ELEMENTS--GENERAL INFORMATION
fixed length control field 180718b1965 xxu||||| |||| 00| 0 eng d
082 ## - DEWEY DECIMAL CLASSIFICATION NUMBER
Classification number K232x54 In2r/1965
100 ## - MAIN ENTRY--PERSONAL NAME
Personal name India. Dearness Allowance Commission on the Question of Adequacy of the Dearness Allowance Activissible to the Central Government Employees
245 ## - TITLE STATEMENT
Title Report of the Dearness Allowance Commission on the Question of Adequacy of the Dearness Allowance Admissible to the Central Government Employees as from Ist December, 1965
Statement of responsibility, etc. by Department of Expenditure, Ministry of Finance
260 ## - PUBLICATION, DISTRIBUTION, ETC.
Place of publication, distribution, etc. New Delhi
Name of publisher, distributor, etc. Department of Expenditure, Ministry of Finance
Date of publication, distribution, etc. 1965
300 ## - PHYSICAL DESCRIPTION
Extent 24+p.
500 ## - GENERAL NOTE
General note Chairman: P.B. Gajendragadkar
700 ## - ADDED ENTRY--PERSONAL NAME
Personal name India. Ministry of Finance. Department of Expenditure
700 ## - ADDED ENTRY--PERSONAL NAME
Personal name Gajendragadkar, P.B. (Chairman)
Holdings
Withdrawn status Lost status Damaged status Not for loan Permanent Location Current Location Date acquired Full call number Barcode Date last seen Price effective from Koha item type
        Indian Institute of Public Administration Indian Institute of Public Administration 2018-08-04 K232x54 In2r/1965 GG5593 2018-08-04 2018-08-04 GG

Powered by Koha